| 000 | 00747nam a2200253 i 4500 | ||
|---|---|---|---|
| 001 | bgj | ||
| 100 | 1 | _aDANIELS, Harvey A. | |
| 245 | 1 | 0 |
_aFamous last words : _bthe American language crisis reconsidered / _cHarvey A. Daniels. |
| 250 | _a[2nd print.]. | ||
| 260 |
_a[Illinois] : _bSouthern Illinois University Press, _c1984. |
||
| 300 |
_a295 pp ; _c23 cm. |
||
| 500 | _a1st. publ. 1983. | ||
| 504 | _aBibliography p. 281-290. | ||
| 505 | _aIncludes index. | ||
| 650 | 9 |
_aEnglish language _xUsage |
|
| 650 | 9 | _aEnglish language, Varieties of | |
| 651 | 9 | _aUnited States | |
| 020 | _a0809310937 (pbk) | ||
| 040 | _cBPK | ||
| 041 | _aeng | ||
| 920 | _a0-8093-1093-7 (pbk) | ||
| 942 | _cKS | ||
| 008 | s uk f |000 0 eng | ||
| 999 |
_c41269 _d41269 |
||
| 856 |
_uhttp://koha.tu.koszalin.pl/cgi-bin/koha/opac-detail.pl?biblionumber=41269 _yKatalog online BPK |
||